01073 a2200205 4500003000500000005001700005040000900022082001600031100004200047245018900089260003300278300001200311505030200323650002300625651001800648700004100666942001200707999001900719952012900738Nust20251111143833.0 cNust a621.382,JAL aJalil , NC Adeeluddin (TCC-9)9131798 aDesign and demonstration of a multi channel speech compression system as per E1 Standard /cNC Adeeluddin Jalil , NC Amina Saleem ,NC Haroon Muhammad , NC Naveed Haq and PC Imran Fazal aRawalpindibMCS (NUST)c2001 a190 p.; aIntroduction (page-10), Major Components (page-16), CMOS 8 Bit 17c7xx Microcontroller (Page-310, The Functional Block Diagram (Page-43), Microcontroller Functionality (Page-72), Programmable Logic Devices (Page-112), PCB Design (Page-123), Bit Generation Program (PAge-132), Conclusion (Page-171). aUG Projects998716 aTCC-99131796 aSupervised by Colonel Ashraf9131799 cPR2ddc c182691d182691 00102ddc4070aMCSbMCScREFd2016-12-12o621.382, JALpMCSPTC-27r2016-12-08w2016-12-12yPRzAlmirah No. 94, Shelf No. 1